| 000 | 01791nam a2200325Ia 4500 | ||
|---|---|---|---|
| 999 |
_c52675 _d52675 |
||
| 001 | 19699 | ||
| 003 | GE_BSU | ||
| 005 | 20200327223947.0 | ||
| 008 | 181216s1985||||ge |||||||||||||| ||geo|| | ||
| 040 | _cGE_BSU | ||
| 041 | _ageo | ||
| 080 | _a811.353.1'282 ქ-15 | ||
| 100 |
_aქავთარაძე, ივანე _97821 |
||
| 245 |
_aქართული ენის მოხეური დიალექტი : _bგამოკვლევა, ტექსტები, ლექსიკონი / _cივანე ქავთარაძე ; რედ. ივ. გიგინეიშვილი, არ. მარტიროსოვი. |
||
| 264 |
_aთბილისი : _bმეცნიერება, _c1985. |
||
| 300 |
_a422 გვ. ; _c 26 სმ. |
||
| 500 | _aგამოკვლევაში დამოწმებულ და გაანალიზებულ ფორმათა საძიებელი : გვ. 405-418 | ||
| 520 | _aრეზიუმე რუსულ ენაზე | ||
| 541 | _h8ლ. 60თ. | ||
| 653 | _aფონეტიკა | ||
| 653 | _aმორფოლოგია | ||
| 653 | _aსინტაქსი | ||
| 653 | _aქართული ენის დიალექტები | ||
| 653 | _aმოხეური დიალექტი | ||
| 700 |
_aგიგინეიშვილი, ივ. _eრედაქტორი _97822 |
||
| 700 |
_aმარტიროსოვი, არ. _eრედაქტორი _97663 |
||
| 710 |
_aსაქართველოს სსრ მეცნიერებათა აკადემია _97823 |
||
| 710 |
_aენათმეცნიერების ინსტიტუტი _97824 |
||
| 942 |
_cBK _2udc |
||